[Event "It (open) (b)"]
[Site "Rewal (Poland)"]
[Date "2009.08.23"]
[Round "4"]
[White "Gorol Jacek (POL)"]
[Black "Swiech Piotr (POL)"]
[Result "1/2-1/2"]
[WhiteElo "1639"]
[BlackElo "1988"]

1.c4 c5 2.Nc3 g6 3.Nf3 Bg7 4.g3 Nf6 5.Bg2 O-O 6.O-O Nc6 7.d4 cxd4 8.Nxd4 Nxd4
9.Qxd4 d6 10.Qd3 Rb8 11.Bg5 Re8 12.Rad1 Qa5 13.Bd2 Bd7 14.a3 Bc6 15.Nd5 Qd8
16.Bc3 Nxd5 17.cxd5 Ba4 {#d} 1/2-1/2

[Event "Ch Croatia (team)"]
[Site "Sibenik (Croatia)"]
[Date "2009.09.23"]
[Round "3"]
[White "Cvitan Ognjen (CRO)"]
[Black "Jovanovic Zoran (CRO)"]
[Result "1/2-1/2"]
[WhiteElo "2521"]
[BlackElo "2539"]

1.c4 g6 2.Nc3 Bg7 3.g3 Nf6 4.Bg2 O-O 5.Nf3 c5 6.O-O Nc6 7.d4 cxd4 8.Nxd4 Nxd4
9.Qxd4 d6 10.Qd3 a6 11.Bd2 Bf5 12.e4 Bd7 13.b3 Rb8 14.a4 Ng4 15.Rac1 Ne5
16.Qe3 Nc6 17.Ne2 b5 18.axb5 axb5 19.c5 Bg4 {#d} 1/2-1/2

[Event "NRW-liga 2009/10"]
[Site "Germany"]
[Round "6"]
[White "Bus Tom (NED)"]
[Black "Vogelmann Peter (GER)"]
[Result "1/2-1/2"]
[WhiteElo "2186"]
[BlackElo "2268"]

1.c4 Nf6 2.g3 c5 3.Bg2 g6 4.Nc3 Bg7 5.Nf3 O-O 6.O-O Nc6 7.d4 cxd4 8.Nxd4 Nxd4
9.Qxd4 d6 10.Bg5 h6 11.Bxf6 Bxf6 12.Qd2 Bg7 13.Rfd1 Qc7 14.Nd5 Qd8 15.Rac1 Bd7
16.b3 Bc6 17.Rc2 Kh7 18.h4 Qd7 19.Qd3 h5 {#d} 1/2-1/2

[Event "Ch Slovakia (team) 2009/10 (2 liga) (b)"]
[Site "Slovakia"]
[Date "2010.02.07"]
[Round "9"]
[White "Vrbica Ladislav (SVK)"]
[Black "Sabik Robert (SVK)"]
[Result "1/2-1/2"]
[WhiteElo "1955"]
[BlackElo "1976"]

1.c4 Nf6 2.g3 c5 3.Bg2 g6 4.Nc3 Nc6 5.Nf3 Bg7 6.O-O O-O 7.d4 cxd4 8.Nxd4 a6
9.Bg5 h6 10.Bf4 Qb6 11.Nb3 d6 12.Be3 Qd8 13.Nd4 Bd7 14.b3 Ng4 15.Qd2 Nxe3
16.fxe3 Rb8 17.Rad1 Ne5 {#d} 1/2-1/2

[Event "Ch City (seniors)"]
[Site "Berlin (Germany)"]
[Date "2010.02.12"]
[Round "4"]
[White "Husser Oskar (GER)"]
[Black "Durth Konrad (GER)"]
[Result "0-1"]
[WhiteElo "1920"]
[BlackElo "1616"]

1.Nf3 Nf6 2.c4 g6 3.g3 Bg7 4.Bg2 O-O 5.O-O c5 6.Nc3 Nc6 7.d4 cxd4 8.Nxd4 Qb6
9.Nxc6 dxc6 10.Qc2 Be6 11.Na4 Qb4 12.b3 Rfd8 13.a3 Qa5 14.b4 Qh5 15.Bb2 Bh3
16.f3 Bxg2 17.Kxg2 b5 18.cxb5 cxb5 19.Nc5 Nd5 {#R} 0-1

[Event "It \"]
[Site "Uxbridge (England)"]
[Date "2010.02.15"]
[Round "4"]
[White "Tissir Mohamed (MAR)"]
[Black "Shoker Samy (EGY)"]
[Result "1/2-1/2"]
[WhiteElo "2474"]
[BlackElo "2458"]

1.Nf3 c5 2.c4 Nc6 3.g3 g6 4.Bg2 Bg7 5.O-O Nf6 6.Nc3 O-O 7.d4 cxd4 8.Nxd4 Nxd4
9.Qxd4 d6 10.Bg5 h6 11.Bc1 Be6 12.Qd3 Nd7 {#d} 1/2-1/2

[Event "Czech League 2009/10 (krajsky prebor)"]
[Site "Czech Republic"]
[Date "2010.03.21"]
[Round "0"]
[White "Fojtach Ivan (CZE)"]
[Black "Kredl Karel (CZE)"]
[Result "1/2-1/2"]
[WhiteElo "1973"]
[BlackElo "2087"]

1.Nf3 c5 2.g3 g6 3.Bg2 Bg7 4.O-O Nf6 5.c4 Nc6 6.Nc3 O-O 7.d4 cxd4 8.Nxd4 Nxd4
9.Qxd4 d6 10.Qd2 a6 11.b3 Rb8 12.Bb2 b5 13.cxb5 axb5 14.Nd5 Nxd5 15.Bxg7 Kxg7
16.Bxd5 Qb6 17.Rfc1 Bb7 18.Bxb7 Qxb7 {#d} 1/2-1/2

[Event "It (open) \"]
[Site "Budapest (Hungary)"]
[Date "2010.03.28"]
[Round "9"]
[White "Sanchez Louis (FRA)"]
[Black "Szalanczy Emil (HUN)"]
[Result "1/2-1/2"]
[WhiteElo "2258"]
[BlackElo "2248"]

1.Nf3 c5 2.c4 Nf6 3.g3 g6 4.Bg2 Bg7 5.O-O O-O 6.Nc3 Nc6 7.d4 cxd4 8.Nxd4 Ng4
9.e3 d6 10.b3 Nxd4 11.exd4 Nh6 12.Bxh6 Bxh6 13.Qe2 Re8 14.Rad1 e6 15.Rfe1 {#d}
1/2-1/2

[Event "Ch City (open)"]
[Site "Leverkusen (Germany)"]
[Date "2010.04.26"]
[Round "7"]
[White "Puetzkaul Karl (GER)"]
[Black "Jiritschka Wolfgang (GER)"]
[Result "1/2-1/2"]
[WhiteElo "2056"]
[BlackElo "2038"]

1.Nf3 Nf6 2.g3 c5 3.Bg2 Nc6 4.O-O g6 5.c4 Bg7 6.Nc3 O-O 7.d4 d5 8.cxd5 Nxd5
9.Nxd5 Qxd5 10.dxc5 Qxc5 11.Be3 Qb5 12.Rc1 Rd8 13.Qb3 {#d} 1/2-1/2

[Event "It (open)"]
[Site "Udine (Italy)"]
[Date "2010.07.11"]
[Round "7"]
[White "Menon Michele"]
[Black "Bozza Stefano (ITA)"]
[Result "1/2-1/2"]
[WhiteElo "1733"]
[BlackElo "1874"]

1.Nf3 Nf6 2.c4 g6 3.Nc3 Bg7 4.g3 c5 5.Bg2 Nc6 6.O-O O-O 7.d4 cxd4 8.Nxd4 Nxd4
9.Qxd4 d6 10.Qd3 Rb8 11.Be3 b6 12.Qd2 Bb7 13.Nd5 Nxd5 14.cxd5 Rc8 15.Rac1 Qd7
16.b3 Rxc1 17.Rxc1 Rc8 18.Rxc8+ Qxc8 19.Qc1 {#d} 1/2-1/2

[Event "It (cat.8)"]
[Site "Mislata (Spain)"]
[Date "2010.08.19"]
[Round "5"]
[White "Vassallo Mauricio (ESP)"]
[Black "Galego Luis (POR)"]
[Result "1/2-1/2"]
[WhiteElo "2422"]
[BlackElo "2500"]

1.c4 c5 2.Nf3 Nf6 3.g3 g6 4.Bg2 Bg7 5.O-O O-O 6.Nc3 Nc6 7.d4 cxd4 8.Nxd4 Nxd4
9.Qxd4 d6 10.a3 a6 11.Bd2 Rb8 12.b3 Bd7 13.Rac1 {#d} 1/2-1/2

[Event "Ch Provincial"]
[Site "Habana (Cuba)"]
[Date "2010.10.19"]
[Round "2"]
[White "Leyva Lozada Marcos Antonio"]
[Black "Cordero Rodriguez Raul (CUB)"]
[Result "1/2-1/2"]
[WhiteElo "2004"]
[BlackElo "1935"]

1.c4 Nf6 2.Nc3 c5 3.Nf3 g6 4.g3 Bg7 5.Bg2 O-O 6.O-O Nc6 7.d4 cxd4 8.Nxd4 Qb6
9.Nc2 d6 10.Rb1 a6 11.b4 Ne5 12.Ne3 Be6 13.Ncd5 Bxd5 14.Nxd5 Nxd5 15.Qxd5 Rab8
16.Be3 Qc6 17.Rbc1 Qxd5 18.Bxd5 e6 19.Bg2 b6 {#d} 1/2-1/2

[Event "It (open) (under 2300)"]
[Site "Benidorm (Spain)"]
[Date "2010.12.06"]
[Round "4"]
[White "Gonzalez Aguirre Luis (ESP)"]
[Black "Estevez Jacome Jose Ramon (ESP)"]
[Result "1/2-1/2"]
[WhiteElo "2155"]
[BlackElo "2021"]

1.c4 Nf6 2.Nc3 c5 3.g3 g6 4.Bg2 Bg7 5.Nf3 O-O 6.O-O Nc6 7.d4 cxd4 8.Nxd4 Qb6
9.Nc2 d6 10.b3 Be6 11.Rb1 Rac8 12.Ne3 Rfd8 13.Bb2 a6 14.Ned5 Bxd5 15.Nxd5 Nxd5
16.Qxd5 e6 17.Qd2 Ne5 18.Bd4 Nxc4 {#d} 1/2-1/2

[Event "Tournament (Elo) (a)"]
[Site "Budapest (Hungary)"]
[Date "2010.12.12"]
[Round "9"]
[White "Czibulka Zoltan (HUN)"]
[Black "Darazs Zoltan (HUN)"]
[Result "1/2-1/2"]
[WhiteElo "2080"]
[BlackElo "2176"]

1.Nf3 Nf6 2.c4 c5 3.g3 g6 4.Bg2 Bg7 5.Nc3 O-O 6.O-O Nc6 7.d4 cxd4 8.Nxd4 Nxd4
9.Qxd4 d6 10.Bg5 h6 11.Bxf6 Bxf6 12.Qd2 {#d} 1/2-1/2

[Event "Czech League 2010/11 (krajsky prebor)"]
[Site "Czech Republic"]
[Date "2011.01.30"]
[Round "0"]
[White "Kavan Zdenek (CZE)"]
[Black "Riska Lubomir (CZE)"]
[Result "1/2-1/2"]
[WhiteElo "2167"]
[BlackElo "2208"]

1.Nf3 Nf6 2.g3 c5 3.c4 g6 4.Bg2 Bg7 5.O-O Nc6 6.Nc3 O-O 7.d4 cxd4 8.Nxd4 Nxd4
9.Qxd4 d6 10.Qd3 a6 11.Be3 Bf5 12.Qd2 Qd7 13.Bd4 Be6 14.b3 Rab8 15.Rad1 b5
16.c5 dxc5 {#d} 1/2-1/2

[Event "Ch Colombia (juniors) (under 20) (g)"]
[Site "Barranquilla (Colombia)"]
[Date "2011.03.03"]
[Round "5"]
[White "Rodriguez Rueda Paula Andrea (COL)"]
[Black "Lugo Lozano Luz Adriana (COL)"]
[Result "1/2-1/2"]
[WhiteElo "2183"]
[BlackElo "1902"]

1.c4 c5 2.Nf3 Nc6 3.g3 g6 4.Bg2 Bg7 5.O-O Nf6 6.Nc3 O-O 7.d4 d5 8.dxc5 dxc4
9.Qa4 Be6 10.Ng5 Qc8 11.Bf4 Nh5 12.Nxe6 Qxe6 13.Bd5 Qc8 {#d} 1/2-1/2

[Event "Ch City"]
[Site "Kemerovo (Russia)"]
[Date "2011.03.23"]
[Round "9"]
[White "Mikhailov Vladimir (RUS)"]
[Black "Konyshev Artem (RUS)"]
[Result "1/2-1/2"]
[WhiteElo "1972"]
[BlackElo "2342"]

1.Nf3 c5 2.c4 Nc6 3.Nc3 g6 4.g3 Bg7 5.Bg2 Nf6 6.O-O O-O 7.d4 cxd4 8.Nxd4 Nxd4
9.Qxd4 d6 10.b3 d5 {#d} 1/2-1/2

[Event "Ch Hessen (juniors) (under 16)"]
[Site "Bad Homburg (Germany)"]
[Round "6"]
[White "Hofmann Christoph"]
[Black "Mueller Markus jr"]
[Result "1/2-1/2"]
[WhiteElo "1697"]
[BlackElo "1621"]

1.c4 c5 2.g3 g6 3.Bg2 Bg7 4.Nc3 Nc6 5.Nf3 Nf6 6.O-O O-O 7.d4 cxd4 8.Nxd4 Qb6
9.Nxc6 dxc6 10.Qb3 Qa6 11.Qc2 {#d} 1/2-1/2

[Event "Tournament (open) (b)"]
[Site "Zhukovsky (Russia)"]
[Round "2"]
[White "Pyhtynov Oleg (RUS)"]
[Black "Listratov Artem (RUS)"]
[Result "1/2-1/2"]
[WhiteElo "2048"]
[BlackElo "2119"]

1.c4 c5 2.Nc3 Nf6 3.Nf3 g6 4.g3 Bg7 5.Bg2 O-O 6.O-O Nc6 7.d4 cxd4 8.Nxd4 a6
9.b3 e6 10.Bb2 d5 11.Nxc6 bxc6 12.cxd5 cxd5 13.e3 Bb7 14.Qe2 Rc8 15.Rfc1 Qa5
16.Na4 Nd7 17.Bxg7 Kxg7 18.Qb2+ Kg8 {#d} 1/2-1/2

[Event "It \"]
[Site "Otranto (Italy)"]
[Date "2011.05.28"]
[Round "9"]
[White "Prakken Gerrit (NED)"]
[Black "Altini Nicola (ITA)"]
[Result "1/2-1/2"]
[WhiteElo "2212"]
[BlackElo "2252"]

1.Nf3 Nf6 2.c4 c5 3.Nc3 Nc6 4.g3 g6 5.Bg2 Bg7 6.O-O O-O 7.d4 cxd4 8.Nxd4 Nxd4
9.Qxd4 d6 10.Qd3 Bf5 11.e4 Be6 12.Bd2 Nd7 13.b3 a6 14.Rac1 Nc5 15.Qe2 b5
16.cxb5 {#d} 1/2-1/2

[Event "Ch Poland (for the Blind)"]
[Site "Jastrzebia Gora (Poland)"]
[Round "10"]
[White "Suder Ryszard (POL)"]
[Black "Wolanski Michal (POL)"]
[Result "1-0"]
[WhiteElo "2229"]
[BlackElo "1961"]

1.Nf3 c5 2.g3 g6 3.Bg2 Bg7 4.O-O Nf6 5.c4 O-O 6.Nc3 Nc6 7.d4 cxd4 8.Nxd4 Nxd4
9.Qxd4 d6 10.Qh4 Qb6 11.b3 Ng4 12.Nd5 Qc5 13.Rb1 Re8 14.h3 Nf6 15.b4 {#r} 1-0

[Event "Memorial A.Ermak (open)"]
[Site "Zaporozhje (Ukraina)"]
[Date "2011.06.27"]
[Round "4"]
[White "Barantseva Alexandra (UKR)"]
[Black "Obukhov Sergeij (UKR)"]
[Result "0-1"]
[WhiteElo "1883"]
[BlackElo "2132"]

1.c4 Nf6 2.g3 c5 3.Bg2 Nc6 4.Nc3 g6 5.Nf3 Bg7 6.O-O O-O 7.d4 cxd4 8.Nxd4 Nxd4
9.Qxd4 d6 10.Bg5 Be6 11.Qd3 Nd7 12.b3 Re8 13.Rae1 Rb8 14.Nb5 Nc5 15.Qd2 a6
16.Nxd6 Qxd6 {#R} 0-1

[Event "It (cat.10)"]
[Site "Condom (France)"]
[Round "5"]
[White "Barsov Alexei (UZB)"]
[Black "Janev Evgeni (BUL)"]
[Result "1-0"]
[WhiteElo "2526"]
[BlackElo "2511"]

1.d4 Nf6 2.c4 g6 3.Nf3 Bg7 4.g3 c5 5.Bg2 O-O 6.O-O Nc6 7.Nc3 cxd4 8.Nxd4 Ng4
9.e3 Nge5 10.b3 d6 11.h3 Bd7 12.Nde2 Nb4 13.e4 b5 14.cxb5 Rb8 15.a3 Nbd3
16.Be3 {#r} 1-0

[Event "Ch Italy (juniors) (under 16)"]
[Site "Porretta Terme (Italy)"]
[Date "2011.07.06"]
[Round "5"]
[White "Altini Nicola"]
[Black "Boscolo Federico (ITA)"]
[Result "1/2-1/2"]
[WhiteElo "2267"]
[BlackElo "2210"]

1.c4 c5 2.Nf3 Nf6 3.Nc3 Nc6 4.g3 g6 5.Bg2 Bg7 6.O-O O-O 7.d4 cxd4 8.Nxd4 a6
9.Nc2 Qa5 10.e4 d6 11.Ne3 Rb8 12.Bd2 Re8 13.Rc1 Ne5 14.Qe2 b5 15.b3 bxc4
16.Nxc4 Nxc4 17.Qxc4 Be6 {#d} 1/2-1/2

[Event "Ch Germany (seniors)"]
[Site "Halle (Germany)"]
[Date "2011.08.12"]
[Round "8"]
[White "Ophoff Rigobert (GER)"]
[Black "Schmieder Wolfgang (GER)"]
[Result "1/2-1/2"]
[WhiteElo "1999"]
[BlackElo "1839"]

1.Nf3 c5 2.c4 Nf6 3.Nc3 Nc6 4.g3 g6 5.Bg2 Bg7 6.O-O O-O 7.d4 cxd4 8.Nxd4 a6
9.Nxc6 dxc6 10.Qc2 Qc7 11.e4 e5 12.h3 Be6 13.b3 h6 14.Be3 b5 {#d} 1/2-1/2

[Event "It (open) \"]
[Site "Brno (Czech Republic)"]
[Date "2011.08.25"]
[Round "6"]
[White "Kozak Milos (CZE)"]
[Black "Blahynka Martin (CZE)"]
[Result "1/2-1/2"]
[WhiteElo "2232"]
[BlackElo "2096"]

1.c4 Nf6 2.Nf3 c5 3.g3 g6 4.Bg2 Bg7 5.Nc3 Nc6 6.O-O O-O 7.d4 cxd4 8.Nxd4 Nxd4
9.Qxd4 d6 10.Qd3 Be6 11.Bxb7 Rb8 12.Bg2 Qa5 13.b3 Bf5 14.Qd2 Rxb3 15.axb3 {#d}
1/2-1/2

[Event "Ch Europe (for the Blind)"]
[Site "Rhodes (Greece)"]
[Date "2011.09.06"]
[Round "1"]
[White "Dukaczewski Piotr (POL)"]
[Black "Lapadatu Teodor (ROM)"]
[Result "1-0"]
[WhiteElo "2290"]
[BlackElo "1926"]

1.Nf3 Nf6 2.g3 g6 3.c4 Bg7 4.Nc3 c5 5.Bg2 Nc6 6.O-O O-O 7.d4 cxd4 8.Nxd4 Nxd4
9.Qxd4 d6 10.Qd2 Rb8 11.b3 Bd7 12.Bb2 Bc6 13.Bxc6 bxc6 14.e4 Nd7 15.Rfe1 Re8
16.Rac1 {#r} 1-0

[Event "Cup Lippe (open)"]
[Site "Lieme (Germany)"]
[Date "2011.10.28"]
[Round "1"]
[White "Maczkowiak Thomas (GER)"]
[Black "Schalow Daniel (GER)"]
[Result "1/2-1/2"]
[WhiteElo "1923"]
[BlackElo "2128"]

1.Nf3 Nf6 2.g3 g6 3.Bg2 Bg7 4.O-O O-O 5.c4 c5 6.Nc3 Nc6 7.d4 cxd4 8.Nxd4 Qb6
9.Nxc6 bxc6 10.Qc2 Rb8 11.b3 Rd8 12.Na4 Qc7 13.Bb2 d6 14.e4 Bb7 15.Rfd1 c5
16.e5 dxe5 17.Rxd8+ Rxd8 18.Bxb7 Qxb7 19.Bxe5 {#d} 1/2-1/2

[Event "It (cat.2)"]
[Site "Sao Jose do Rio Preto (Brazil)"]
[Date "2012.06.02"]
[Round "5"]
[White "Valiente Cristobal (PAR)"]
[Black "Borges Leomar Barbero (BRA)"]
[Result "1/2-1/2"]
[WhiteElo "2257"]
[BlackElo "2204"]

1.c4 Nf6 2.Nc3 c5 3.Nf3 Nc6 4.g3 g6 5.Bg2 Bg7 6.O-O O-O 7.d4 cxd4 8.Nxd4 Ng4
9.e3 Nge5 10.b3 d6 11.Bb2 Nxd4 12.exd4 Nc6 {#d} 1/2-1/2

[Event "It (open) \"]
[Site "Berlin (Germany)"]
[Date "2012.08.24"]
[Round "7"]
[White "Schulz Hartmut (GER)"]
[Black "Schmalzried Volker (GER)"]
[Result "0-1"]
[WhiteElo "2090"]
[BlackElo "1868"]

1.Nf3 c5 2.c4 Nc6 3.g3 g6 4.Bg2 Bg7 5.O-O Nf6 6.Nc3 O-O 7.d4 cxd4 8.Nxd4 Nxd4
9.Qxd4 d6 10.Rd1 Nd7 11.Qd2 Rb8 12.Qc2 Ne5 13.b3 Bf5 14.e4 Bg4 15.f3 Nxf3+
16.Bxf3 Bxf3 17.Rd3 Bxe4 {#R} 0-1